000 00612nam a2200205 i 4500
001 149831
003 ES-MaACL
005 20230906203258.0
007 t|
008 071024s1958 sp ||||1| spa d
100 1 _aVan der Meersch, Maxence.
_9113032
245 1 3 _aEl coraje de vivir /
_cpor Maxence Van der Meersch ; [versión castellana de Tilli de Rafael].
260 _aBarcelona :
_bG. P.,
_c[1958]
300 _a189 p. ;
_c17 cm.
490 1 _aLibros Plaza
700 1 _aRafael, Tilli de.
_994952
830 0 _aLibros Plaza
_9181449
852 _aES-MaACL
_jC-18786
_bR.43274
999 _c149831
_d149831